| Tag |
First Indicator |
Second Indicator |
Subfields |
| LEADER |
00000cam a2200000 a 4500 |
| 001 |
in00001205021 |
| 005 |
20151002073821.0 |
| 008 |
940314s1993 sp b 000 0 spa |
| 010 |
|
|
|a 94130307
|
| 020 |
|
|
|a 848640830X
|
| 035 |
|
|
|a (OCoLC)31078739
|
| 035 |
|
|
|9 AGP0046AM
|
| 040 |
|
|
|a DLC
|c DLC
|d TXA
|d UtOrBLW
|
| 049 |
|
|
|a TXAM
|
| 050 |
0 |
0 |
|a PQ6249.A2
|b A59 1993
|
| 245 |
0 |
0 |
|a Antología de la prosa medieval castellana /
|c edición, introducción y notas de Cristina González.
|
| 264 |
|
1 |
|a Salamanca, España :
|b Ediciones Colegio de España,
|c [1993]
|
| 300 |
|
|
|a 184 pages ;
|c 18 cm.
|
| 336 |
|
|
|a text
|b txt
|2 rdacontent
|
| 337 |
|
|
|a unmediated
|b n
|2 rdamedia
|
| 338 |
|
|
|a volume
|b nc
|2 rdacarrier
|
| 490 |
1 |
|
|a Colección Biblioteca hispánica ;
|v 28
|
| 504 |
|
|
|a Includes bibliographical references (pages 63-68).
|
| 650 |
|
0 |
|a Spanish prose literature
|y To 1500.
|
| 700 |
1 |
|
|a González, Cristina,
|d 1951-
|
| 830 |
|
0 |
|a Colección Biblioteca hispánica ;
|v 28.
|
| 999 |
|
|
|a MARS
|
| 999 |
f |
f |
|s 0bc653ab-3816-3af0-af06-3264f2ec09a7
|i 40d0c29b-2b4a-302f-ba35-68f8a9e92106
|t 0
|
| 952 |
f |
f |
|p ric
|a Texas A&M University
|b Rellis Campus
|c Joint Library Facility
|d Remote Storage
|t 0
|e PQ6249.A2 A59 1993
|h Library of Congress classification
|i unmediated -- volume
|m A14818185984
|
| 998 |
f |
f |
|a PQ6249.A2 A59 1993
|t 0
|l Remote Storage
|